| 000 | 00416nam a2200181Ia 4500 | ||
|---|---|---|---|
| 001 | 13681 | ||
| 005 | 20260306164819.0 | ||
| 008 | 260306t2022||||xx |||||||||||||| ||spa|| | ||
| 041 | _aESP | ||
| 082 |
_a005.13 _bG12 |
||
| 100 |
_aGaddis, Tony, _eAUT |
||
| 245 | 0 | _aStarting out with Python | |
| 260 | _c2022 | ||
| 300 |
_a892 páginas : _c25 cm. |
||
| 650 | _aGEN | ||
| 654 | _aCCC | ||
| 942 |
_cLIB _dJUS _fJUS _2ddc _n |
||
| 999 |
_c13681 _d13681 |
||